Statistics for Countries with the Most Recent Flag Change

Click here to take the quiz!

General Stats

  • This quiz has been taken 17 times
  • The average score is 5 of 10

Answer Stats

Year ChangedCountry% Correct
2011Libya
85%
2008Kosovo
77%
2011South Sudan
77%
2021Afghanistan
69%
2010Myanmar
46%
2017Mauritania
38%
2008Iraq
31%
2006Lesotho
31%
2012Malawi
23%
2006Venezuela
15%

Score Distribution

Percentile by Number Answered

Percent of People with Each Score

Your Score History

You have not taken this quiz